000 00473nam a22001697a 4500
005 20251108173651.0
008 250721s2006 xx 000 0 ara d
082 1 4 _a323.4/منا
100 1 _aمناع، هيثم
245 1 0 _aحقوق الطفل /
246 1 1 _aChild Rights
264 1 _aدمشق :
_bمركز الراية للتنمية الثقافية،
_c2006.
300 _a344ص.
650 1 7 _aحقوق الأطفال
942 _2ddc
_cBK
999 _c109475
_d109475